Providences un fortūnas jēdziens Rūdolfa Blaumaņa daiļradē

Titel: Providences un fortūnas jēdziens Rūdolfa Blaumaņa daiļradē / Iveta Leitāne
Verfasser:
In: Rūdolfs Blaumanis: teksts un konteksts, (2013), Seite 129-146
alle Artikel anzeigen
Veröffentlicht: 2013
Umfang: Illustrationen
Format: Aufsatz
Sprache: Lettisch
Schlagworte:
Kein Bild verfügbar
X
alg: 46972586
001A    $03025:22-09-20 
001B    $01999:22-09-20 $t22:37:10.000 
001D    $03025:22-09-20 
001U    $0utf8 
001X    $00 
002@    $0Aou 
002C    $aText $btxt $2rdacontent 
002D    $aohne Hilfsmittel zu benutzen $bn $2rdamedia 
002E    $aBand $bnc $2rdacarrier 
003@    $0469725869 
007A    $0469725869 $aHEB 
010@    $alav 
010E    $erda 
011@    $a2013 $n2013 
021A    $aProvidences un fortūnas jēdziens Rūdolfa Blaumaņa daiļradē $hIveta Leitāne 
028A    $BVerfasser $4aut $7132712032 $8Leitāne, Iveta$Z1962- [Tp1] $9185002838 
031A    $g18 $h129-146 $j2013 
034M    $aIllustrationen 
039B    $aEnthalten in $8--Aau--. Rūdolfs Blaumanis: teksts un konteksts. - Rīga : LU Akadēmiskais apgāds, 2013. - 486 Seiten. - Illustrationen, Karten. - ISBN 978-9984-45-781-9 $x201300000000000871 $9462979644 
044K    $#Blauman, R. $#Blauman, Rudolʹf $#Blaumanis, Rudolʹf $#Blaumann, Rudolf $7118511610 $8Blaumanis, Rūdolfs$Z1863-1908 [Tp1] $9086852744 
044K    $#Lettland $#Lettland $#Latvija $#Latvijas Republika $#Lettische Republik $#Lettische SSR $#Latvijskaja SSR $74074187-4 $8Lettland [Tg1] $9085208876 
044K    $RAutor $RLiteratur $RSchriftstellerin $#Novelists $#Romanciers $#Authors $#Écrivains $#Dichter $#Literaturproduzent $#Literat $#Homme de lettres $74053309-8 $8Schriftsteller [Tsz] $9085148040 
044K    $RSituation $RSoziale Stellung $RLebensbedingungen $#Social conditions $#Conditions sociales $#Soziale Lage $#Soziale Verhältnisse $#Soziallage $#Sozialverhältnisse $#Soziale Bedingungen $74077575-6 $8Soziale Situation [Ts1] $9085219878 
044K    $RUnglück $RGlückseligkeit $REuphorie $RGutes Leben $#Happiness $#Bonheur $#Bonheur (philosophie) $#Felicità $#Felicidad $#Glück $#Glücksgefühl $74021325-0 $8Glück [Ts1] $9085051985 
045F    $a809 $eDDC23BSB 
045F/01 $a809 
045F/03 $f09034 
045F/03 $g4796 
046L    $aEnglische Zusammenfassung unter dem Titel: Concepts of providence and fortune in Rūdolfs Blaumanis' works 

lok: 46972586 78

exp: 46972586 78 1 #EPN
201B/01 $022-09-20 $t11:31:18.000 
201C/01 $022-09-20 
201U/01 $0utf8 
203@/01 $01123635854 
208@/01 $a22-09-20 $be 
209A/01 $a/ $f000 $x00 
209A/01 $ab*p $x01 
220C/01 $akoe 
247C/01 $82080>Marburg/Lahn, Herder-Institut, Forschungsbibliothek, Bibliographieportal $9336309341
LEADER 00000caa a2200000 c 4500
001 469725869
003 DE-603
005 20200922223710.0
007 tu
008 200922s2013 xx |||| | u00||u|lav c
035 |a (DE-599)HEB469725869 
040 |a DE-603  |b ger  |c DE-603  |d DE-603  |e rda 
041 |a lav 
082 0 4 |8 1\u  |a 809  |q DE-101  |2 23/BSB 
085 |8 1\u  |b 809 
085 |8 1\u  |z 1  |s 09034 
085 |8 1\u  |z 2  |s 4796 
100 1 |a Leitāne, Iveta  |d 1962-  |e Verfasser  |4 aut  |0 (DE-603)185002838  |0 (DE-588)132712032  |2 gnd 
245 0 0 |a Providences un fortūnas jēdziens Rūdolfa Blaumaņa daiļradē  |c Iveta Leitāne 
264 0 |c 2013 
300 |b Illustrationen 
336 |a Text  |b txt  |2 rdacontent 
337 |a ohne Hilfsmittel zu benutzen  |b n  |2 rdamedia 
338 |a Band  |b nc  |2 rdacarrier 
546 |a Englische Zusammenfassung unter dem Titel: Concepts of providence and fortune in Rūdolfs Blaumanis' works 
600 1 7 |a Blaumanis, Rūdolfs  |d 1863-1908  |0 (DE-588)118511610  |0 (DE-603)086852744  |2 gnd 
650 7 |a Schriftsteller  |0 (DE-588)4053309-8  |0 (DE-603)085148040  |2 gnd 
650 7 |a Soziale Situation  |0 (DE-588)4077575-6  |0 (DE-603)085219878  |2 gnd 
650 7 |a Glück  |0 (DE-588)4021325-0  |0 (DE-603)085051985  |2 gnd 
651 7 |a Lettland  |0 (DE-588)4074187-4  |0 (DE-603)085208876  |2 gnd 
773 0 8 |i Enthalten in  |t Rūdolfs Blaumanis: teksts un konteksts  |d Rīga : LU Akadēmiskais apgāds, 2013  |h 486 Seiten, Illustrationen, Karten  |z 9789984457819  |g (2013), Seite 129-146  |w (DE-603)462979644 
924 0 |9 2080  |a (DE-603)1123635854  |b DE-2080  |c HES  |d d  |g /